000 00358nam a2200121Ia 4500
008 240731s9999 xx 000 0 und d
022 _a1553-3182
245 0 _aSynthesis and Reactivity in Inorganic, Metal-Organic, and Nano-Metal Chemistry
260 _bTaylor & Francis
856 _uhttps://www.tandfonline.com/loi/lsrt20
942 _2ddc
942 _cTFEJ
999 _c79638
_d79638
945 _a1
_bMadushi Gamage
_c1
_dMadushi Gamage